О важном значении чистоты воды, употребляемой в промышленности; Очистка и опреснение воды помощью аппарата сист. "Дерюмо", привилегированного во всех странах и изготовляемого на механических заводах "Борман, Шведе и К." в Варшаве

Podrobná bibliografie
Shrnutí:Текст в русской дореформенной орфографии
Дозволено цензурою. Варшава, 24 апреля1896 года
Jazyk:ruština
Vydáno: Варшава, Типография Галевский и Дау, 1896
Témata:
Médium: MixedMaterials Kniha
KOHA link:https://koha.lib.tpu.ru/cgi-bin/koha/opac-detail.pl?biblionumber=310559

MARC

LEADER 00000nam0a2200000 4500
001 310559
005 20231101012958.0
035 |a (RuTPU)RU\TPU\book\335909 
090 |a 310559 
100 |a 20151126d1896 m y0rusy50 ca 
101 0 |a rus 
102 |a PL 
105 |a a z 000zy 
200 1 |a О важном значении чистоты воды, употребляемой в промышленности  |a Очистка и опреснение воды помощью аппарата сист. "Дерюмо", привилегированного во всех странах и изготовляемого на механических заводах "Борман, Шведе и К." в Варшаве 
210 |a Варшава  |c Типография Галевский и Дау  |d 1896 
215 |a 24 с.  |c ил. 
300 |a Текст в русской дореформенной орфографии 
300 |a Дозволено цензурою. Варшава, 24 апреля1896 года 
317 |5 63413507: 26//269  |a Поступил в НТБ в 1914 г. в дар от первого директора ТТИ профессора Е. Л. Зубашева 
610 1 |a вода 
610 1 |a очистка 
610 1 |a опреснение 
610 1 |a опреснительные установки 
610 1 |a Коллекция Е. Л. Зубашева 
610 1 |a дары библиотеке 
675 |a 628.16  |v 4 
801 1 |a RU  |b 63413507  |c 20151126 
801 2 |a RU  |b 63413507  |c 20210702  |g RCR 
942 |c BK